000 00728nam a2200193 i 4500
001 138524
003 ES-MaACL
005 20250820063043.0
007 t|
008 070214s1906 sp r ||||1| spa d
100 1 _aSanpere i Miquel, Salvador,
_d1840-1915
_9103195
245 1 4 _aLos cuatrocentistas catalanes
_b: Historia de la pintura en Cataluña en el siglo XV /
_cpor S. Sanpere y Miquel.
260 _aBarcelona :
_bL'Avenç,
_c1906.
300 _a2 v. (VII, 319; 284, CI p.) :
_bil. ;
_c24 cm.
505 8 _aContiene: v. 1. Primera mitad del siglo XV -- v. 2. Segunda mitad del siglo XV
650 4 _aPintura renacentista-
_zCataluña.
_9161266
852 _aES-MaACL
_jF-5407-08
999 _c138524
_d138524